| 000 | 00847nam a2200301Ia 4500 | ||
|---|---|---|---|
| 001 | 84388 | ||
| 003 | IT-RoPAU | ||
| 008 | 130308s9999 xx 000 0 und d | ||
| 040 | _aIT-RoPAU | ||
| 040 | _cIT-RoPAU | ||
| 041 | _aITALIANO | ||
| 100 | _aFerrone Siro | ||
| 100 | _gCodice Aut. SPICS: 14566 | ||
| 245 | _aSogno di Oblomov | ||
| 245 | _bSogno di Oblomov | ||
| 250 | _a1a ed. | ||
| 260 | _aL'AQUILA | ||
| 260 | _bTeatro Stabile | ||
| 260 | _c1987 [1° Ed.:1987 - Ed.Ling.Originale:1987] | ||
| 300 | _a"64 p. (prefazione: no ; testo: 64 [pagine: 0-0])" | ||
| 500 | _aTesto dell'Opera da Goncarov in Due Tempi fotografie e Note biografiche di Goncarov contributi di Autori Vari | ||
| 650 | _aAUTORI/OPERE DI TEATRO | ||
| 650 | _eCodice materia Spics: 8407 | ||
| 942 | _cBK | ||
| 957 | _71 | ||
| 999 |
_c75289 _d75289 |
||
| 999 | _bSI | ||
| 999 | _g1 | ||